000 01485nam a2200229 a 4500
999 _c447515
_d447515
003 BLK
005 20230628141717.0
008 220307b bu ||||| ||||||0| | bu d
040 _aBLK
041 _aBUL
_cBUL
080 _x(497.215)(062)
_aИкономическо положение. Икономическа политика. Управление. Планиране. Производство. Услуги. Цени
_b338
_z338(497.215)(062)
139 _aТаблици и диаграми за някои показатели на социално-икономическото развитие на Русенски окръг и вътрешнопартийната дейност на окръжната партийна организация за периода 1976/80 г.
_bТ 13
245 _aТаблици и диаграми за някои показатели на социално-икономическото развитие на Русенски окръг и вътрешнопартийната дейност на окръжната партийна организация за периода 1976/80 г.
_h[Малотир. изд.]
260 _9212206
_aРусе
_bБКП
_c1981
300 _a80 с.
_c21 см
380 _a3
653 7 _9197055
_aсоциално-икономическо развитие
653 7 _9193395
_aпартийна работа
852 _aК 338/Т 12
_bК
942 _cKNG
_n0
_s1
_01
944 _aCR
_c2022-03-07
_kВ. Т.